| 000 | 01182nam a22003257a 4500 | ||
|---|---|---|---|
| 003 | CHAP | ||
| 005 | 20220329143821.0 | ||
| 008 | 110930s2010 mx r 00010 spa d | ||
| 010 | _a102276 | ||
| 011 | _a103248 | ||
| 035 | _a113937 | ||
| 040 | _cCHAP | ||
| 090 | _aTesis | ||
| 100 | 1 |
_aFlores Jimón, Esmeralda. _941599 |
|
| 245 | 1 | 0 |
_aEtiología y control in vitro de la pudrición del tallo y mancha foliar de la margarita [Callistephus chinensis (L.) Ness] _c/por Esmeralda Flores Jimón |
| 260 |
_aCocula, Gro. : _bEl autor, _c2010 |
||
| 300 |
_axi, 76 h. : _bilus. |
||
| 502 | _aTesis (Ing. Agr. Fitotecnista) -- CSAEGRO. Centro de Estudios Profesionales | ||
| 590 |
_aALEPH _b10 _c20130110 _lUCH01 _h1542 |
||
| 590 |
_aBATCH-UPD _b10 _c20130110 _lUCH01 _h2034 |
||
| 590 |
_aBATCH-UPD _b10 _c20130410 _lUCH01 _h0949 |
||
| 590 |
_aBATCH-UPD _b10 _c20130914 _lUCH01 _h1123 |
||
| 590 |
_aCONVERSION _b10 _c20130109 _lUCH01 _h1356 |
||
| 650 | 1 | 4 |
_aCultivos _xGuerrero. _930280 |
| 650 | 1 | 4 |
_aMargarita _xMancha foliar. _971341 |
| 650 | 1 | 4 |
_aTallos _xpudrición. _9111495 |
| 901 | _aBK | ||
| 942 | _cTESIS | ||
| 949 |
_aTesis _bBC _cTES _d33724002302545 _eTS1 _gDonaciØn _h52780 _i113937 _sb |
||
| 999 |
_c102276 _d102276 |
||